| 000 | 02812cam a2200445 a 4500 | ||
|---|---|---|---|
| 001 | 16478035 | ||
| 003 | OSt | ||
| 005 | 20260416075224.0 | ||
| 008 | 100927s2007 enkab 001 0 eng | ||
| 010 | _a 2010503719 | ||
| 015 |
_aGBA707248 _2bnb |
||
| 016 | 7 |
_a013651373 _2Uk |
|
| 020 | _a9780852558881 (pbk.) | ||
| 020 | _a0852558880 (pbk.) | ||
| 020 | _a9781869141295 (University of KwaZuluNatal Press : pbk.) | ||
| 020 | _a1869141296 (University of KwaZuluNatal Press : pbk.) | ||
| 020 | _a9780870138164 (Michigan State University Press : pbk.) | ||
| 020 | _a0870138162 (Michigan State University Press : pbk.) | ||
| 035 | _a(OCoLC)ocm80332878 | ||
| 040 |
_aUKM _cUKM _dYDXCP _dOL$ _dIUL _dBAKER _dBTCTA _dC#P _dUUS _dVRC _dDLC _dJCSC |
||
| 042 |
_aukblsr _alccopycat |
||
| 043 | _af------ | ||
| 050 | 0 | 0 |
_aHD966 _b.C68 2007 |
| 082 | 0 | 4 |
_a333.316 _222 |
| 245 | 0 | 0 |
_aConflicts over land & water in Africa / _cedited by Bill Derman, Rie Odgaard & Espen Sjaastad. |
| 260 |
_aOxford : _bJames Currey, _c2007. |
||
| 300 |
_axi, 244 p. : _bill., maps ; _c23 cm. |
||
| 500 | _aIncludes index. | ||
| 504 | _aIncludes bibliographical references and index. | ||
| 505 | 0 | _aIntroduction / Bill Derman, Rie Odgaard, Espen Sjaastad -- Conflicts & the reinterpretation of customary tenure in Ghana / Kojo Sebastian Amanor -- Land tenure & land conflicts among the Kwanja in Adamawa, Northern Cameroon : "our land is not for sale" / Quentin Gausset -- Adaptability, identity & conflict mediation among the Hawawir in Northern Sudan / Kjersti Larsen -- Negotiating access to land in West Africa : who is losing out? / Camilla Toulmin -- Land tenure reform in a Namaqualand communal area, South Africa : contesting Komaggas / Poul Wisborg -- Land reform & the rekindling of land conflicts in South Africa : rural women's access to land / Nancy Andrew -- Land, identity & violence in Zimbabwe / Bill Derman, Anne Hellum -- The authority & violence of a hunters' association in Western Burkina Faso : "each bird is sitting in its own tree" / Sten Hagberg -- Contested identities & resource conflicts in Morogoro Region, Tanzania : who is indigenous? / Faustin Maganga, Rie Odgaard, Espen Sjaastad -- The use & management of water sources in Kenya's drylands : is there a link between scarcity & violent conflicts? / Karen Witsenburg, Adano Wario Roba. | |
| 650 | 0 |
_aLand reform _zAfrica. |
|
| 650 | 0 |
_aWater-supply _xPolitical aspects _zAfrica. |
|
| 700 | 1 | _aDerman, William. | |
| 700 | 1 | _aOdgaard, Rie. | |
| 700 | 1 | _aSjaastad, Espen. | |
| 776 | 0 | 8 |
_iOnline version: _tConflicts over land & water in Africa. _dOxford : James Currey, 2007 _w(OCoLC)607865326 |
| 906 |
_a7 _bcbc _ccopycat _d3 _encip _f20 _gy-gencatlg |
||
| 942 |
_2lcc _cBK _n0 |
||
| 999 |
_c19334 _d19334 |
||